Регионална библиотека "Любен Каравелов" - Русе

В горята необятна (Запис номер 419444)

MARC детайли
000 -Лидер
Контролно поле с фиксирана дължина 01198nam a2200313 a 4500
003 - Код на организацията, давaща контролен номер
Контролно поле BLK
005 - Дата и час на последна редакция
Контролно поле 20250701160348.0
008 - Елементи от данни с фиксирана дължина
fixed length control field 180411b bul|||||r ||||||| ||bul||
010 ## - Наследен системен номер
LC control number KNG00201027000
020 ## - Международен стандартен номер на книга ISBN
Международен стандартен номер на книга ISBN 9786192072209
040 ## - Източник на каталожния запис
Идентификатор на билиотеката - собственик на записа BLK
041 ## - Код за език
Код за езика на текст/звукозапис или на отделно заглавие Български
Код за езика КДБФ Български
072 #7 - Код за тематичната категория
Код организация bullib
Код за тематична категория Н84
Текст Българска художествена литература Н
072 #7 - Код за тематичната категория
Код организация bullib
Код за тематична категория РА
Текст Русенски автори
080 ## - УДК
Текстов определител УДК Българска литература
УДК код - определител по УДК 821.163.2
УДК определител -93-1
УДК - код + определител 821.163.2--93-1
100 ## - Редна дума - Автор
Автор Пламък Искрен
Дати, свързани с автора 1978 -
Пълна форма на името Петков, Пламен Георгиев
Авторска отговорност първи автор
Автор - информация (биография) Петков, Пламен
R(LIN) 457527
139 ## - Редно поле
Редна дума Пламък Искрен
245 10 - Сведения за заглавието
Заглавие В горята необятна
Редно поле (дума) Пламък Искрен
257 ## - Страна на издаване
Страна на създаване/издаване България
260 ## - Област на издателските данни
Място на издаване, разпространение и проч. Русе
Име на издателя, разпространителя и проч. Медиатех
Година на издаване 2021
9 (RLIN) 213398
Информация за издателството 978-954-8467, 978-954-92342, 978-954-92424
Издателство - префикс ISBN 978-619-207- ; 978-954-8467- ; 978-619-7071- ; 954-91714-
300 ## - Физическа характеристика
Страници 79 с.
Размери/Мащаб 21 см
380 ## - Жанр
Жанр Детска худож. лит.
852 ## - Местоположение
Форматна сигнатура Цб 312039
Фондова буква Хранилище
856 4# - Електронен адрес и достъп
Електронен формат pdf - файл
856 4# - Електронен адрес и достъп
Електронен формат pdf - файл
999 ## - СИСТЕМНИ КОНТРОЛНИ НОМЕРА
Koha biblionumber 419444
Koha biblioitemnumber 419444
942 ## - АРТИКУЛИ
Вид на библиотечния материал Книги
Скрит в OPAC Не
Koha issues (borrowed), all copies 3
Периодичен библиозапис Да
944 ## - СЪЗДАВАНЕ И РЕДАКЦИЯ на ЗАПИСА
Служител, извършил регистрацията/редакцията 30538
Статус, дата на статуса Силвия Димитрова
999 ## - СИСТЕМНИ КОНТРОЛНИ НОМЕРА
Koha biblioitemnumber 419444
Наличности
Код за отписване Код за изгубен артикул Източник на класификационната схема Код за повреда Коз за рестрикции Код за отдаване Артикулен № Име на библиотеката - собственик Име на библиотеката, в която се намира в момента Статус (Текущо местоположение) Дата на вписване в системата Местоположение - отдел Цена в лева Систематично азбучна сигнатура Баркод Цена в евро Служебен тип на артикула
  Не е изгубен Universal Decimal Classification Не е повреден без рестрикции заемане за дома 838270 Регионална библиотека "Любен Каравелов" Русе Регионална библиотека "Любен Каравелов" Русе Детски отдел 2021-06-21 Детски отдел 9.00 821.163.2/П 44 П 120000857107 4.60 Книги
  Не е изгубен Universal Decimal Classification Не е повреден само за читалня ползва се в читалня 880560 Регионална библиотека "Любен Каравелов" Русе Регионална библиотека "Любен Каравелов" Русе Хранилище 2022-04-06 Основен фонд - ползва се само за читалня 10.00 Цб 312039 120000870654 5.11 Книги
Vip Innovations Ltd, Rousse, Bulgaria 2025